Science Quiz

Random Science or Elements Quiz

Elements by Number Quiz Stats

 Plays Quiz not verified by Sporcle

Score 0/55 Timer 15:00
0 Plays Today
Clue Element % Correct
9 Elements Named After Celestial BodiesHelium
100%
6 Noble GasesHelium
100%
9 Elements Named After Celestial BodiesPlutonium
95.8%
9 Elements Named After Celestial BodiesUranium
95.8%
7 Alkali MetalsHydrogen
95.8%
6 Noble GasesNeon
95.8%
9 Elements Named After Celestial BodiesMercury
91.7%
7 Alkali MetalsLithium
91.7%
2 Elements Liquid at Room TemperatureMercury
91.7%
7 Alkali MetalsFrancium
87.5%
5 Elements Named After Modern Day CountriesFrancium
87.5%
5 Elements Named After Modern Day CountriesGermanium
87.5%
8 Radioactive Elements With Atomic No. Less than 90Francium
87.5%
7 Alkali MetalsSodium
83.3%
6 Noble GasesArgon
83.3%
6 Noble GasesKrypton
83.3%
9 Elements Named After Celestial BodiesNeptunium
83.3%
9 Elements Named After Celestial BodiesPalladium
79.2%
6 Noble GasesXenon
79.2%
6 Noble GasesRadon
79.2%
8 Radioactive Elements With Atomic No. Less than 90Radon
79.2%
9 Elements Named After Celestial BodiesCerium
75%
5 Elements Named After Modern Day CountriesPolonium
66.7%
4 Elements Named After One TownYtterbium
66.7%
2 Elements Liquid at Room TemperatureBromine
66.7%
8 Radioactive Elements With Atomic No. Less than 90Radium
66.7%
8 Radioactive Elements With Atomic No. Less than 90Polonium
66.7%
4 Elements Named After One TownYttrium
62.5%
Clue Element % Correct
10 Elements Discovered After 1960Darmstadtium
58.3%
7 Alkali MetalsPotassium
58.3%
10 Elements Discovered After 1960Rutherfordium
54.2%
9 Elements Named After Celestial BodiesSelenium
54.2%
4 Elements Named After One TownErbium
54.2%
8 Radioactive Elements With Atomic No. Less than 90Technetium
54.2%
1 First Element to be made ArtificiallyTechnetium
54.2%
10 Elements Discovered After 1960Meitnerium
50%
10 Elements Discovered After 1960Hassium
50%
10 Elements Discovered After 1960Copernicium
50%
7 Alkali MetalsRubidium
50%
4 Elements Named After One TownTerbium
50%
10 Elements Discovered After 1960Dubnium
45.8%
10 Elements Discovered After 1960Seaborgium
45.8%
10 Elements Discovered After 1960Bohrium
45.8%
10 Elements Discovered After 1960Roentgenium
41.7%
3 Stable Natural Elements Discovered Since 1900Hafnium
41.7%
8 Radioactive Elements With Atomic No. Less than 90Astatine
41.7%
10 Elements Discovered After 1960Lawrencium
37.5%
5 Elements Named After Modern Day CountriesCopper
37.5%
9 Elements Named After Celestial BodiesTellurium
37.5%
8 Radioactive Elements With Atomic No. Less than 90Promethium
37.5%
7 Alkali MetalsCaesium
33.3%
5 Elements Named After Modern Day CountriesRuthenium
33.3%
8 Radioactive Elements With Atomic No. Less than 90Actinium
33.3%
3 Stable Natural Elements Discovered Since 1900Lutetium
29.2%
3 Stable Natural Elements Discovered Since 1900Rhenium
29.2%

You're not logged in!

Compare scores with friends on all Sporcle quizzes.
OR
Log In

Show Comments

Extras

Created Feb 23, 2012ReportNominate
Tags:Elements Quiz, Grab Bag Quiz

Top Quizzes Today


Score Distribution

Your Account Isn't Verified!

In order to create a playlist on Sporcle, you need to verify the email address you used during registration. Go to your Sporcle Settings to finish the process.

Report this User

Report this user for behavior that violates our Community Guidelines.

Details: